Actions of Common Muscles of the Body (inferior) - Statistics

General Stats
  • This quiz has been taken 13 times
  • The average score is 35 of 55
Answer Stats
Action Answer % Correct
extension of the thigh biceps femoris
89%
flexion of the leg biceps femoris
89%
flexion of the thigh rectus femoris
89%
extension of the leg rectus femoris
89%
extension of the leg vastus lateralis
89%
extension of the leg vastus medialis
89%
flexion of the thigh adductor longus
78%
medially rotates the thigh adductor longus
78%
adducts the thigh adductor longus
78%
flexion of the leg gastrocnemius
78%
plantar flexes foot gastrocnemius
78%
extension of the thigh gluteus maximus
78%
laterally rotates the thigh gluteus maximus
78%
medially rotates the thigh gluteus medius
78%
abducts the thigh gluteus medius
78%
medially rotates the thigh gluteus minimus
78%
abducts the thigh gluteus minimus
78%
medially rotates the thigh gracilis
78%
adducts the thigh gracilis
78%
flexion of the leg gracilis
78%
inverts foot tibialis anterior
78%
dorsiflexes foot tibialis anterior
78%
flexion of the thigh adductor brevis
67%
medially rotates the thigh adductor brevis
67%
adducts the thigh adductor brevis
67%
extension of the thigh adductor magnus
67%
medially rotates the thigh adductor magnus
67%
adducts the thigh adductor magnus
67%
plantar flexes foot soleus
67%
extends phalanges (II-V) extensor digitorum longus
56%
flexion of the thigh illiacus
56%
laterally rotates the thigh illiacus
56%
laterally rotates the thigh piriformis
56%
abducts the thigh piriformis
56%
flexion of the thigh psoas major
56%
laterally rotates the thigh psoas major
56%
flexion of the thigh sartorius
56%
laterally rotates the thigh sartorius
56%
abducts the thigh sartorius
56%
flexion of the leg sartorius
56%
flexion of the thigh tensor fascia latae
56%
abducts the thigh tensor fascia latae
56%
extension of the leg vastus intermedius
56%
everts foot fibularis longus
44%
plantar flexes foot fibularis longus
44%
flexes phalanges (II-V) flexor digitorum longus
44%
extension of the thigh semimembranosus
44%
flexion of the leg semimembranosus
44%
extension of the thigh semitendinosus
44%
flexion of the leg semitendinosus
44%
inverts foot tibialis posterior
44%
plantar flexes foot tibialis posterior
44%
everts foot fibularis brevis
33%
plantar flexes foot fibularis brevis
33%
flexes hallux flexor hallucis longus
33%
No matching quizzes found
Score Distribution
Percent of People with Each Score
Percentile by Number Answered
Your Score History
You have not taken this quiz